Statistics for Things that start or end with TAN

Click here to take the quiz!

General Stats

  • This quiz has been taken 25 times
  • The average score is 9 of 20

Answer Stats

QuestionAnswer% Correct
A species of the great apes native to Indonesia and MalaysiaOrangutan
92%
A fruit like a small orange with a loose skinTangerine
88%
A line that touches, but doesn't intersect, a curve or curved surfaceTangent
79%
Also known as the DevilSatan
75%
A king or sovereign especially of a Muslim stateSultan
75%
A confused mass of something twisted togetherTangle
58%
An emotional outburst, usually associated with those in emotional distressTantrum
58%
Country in Africa that borders UgandaTanzania
58%
A charitable or helpful personSamaritan
46%
A member of a group of English Protestants of the late 16th and 17th centuriesPuritan
38%
A system of loudspeakers used to make public announcementsTannoy
38%
Soft drink that originated in the UK in 1950Tango
33%
A cylindrical clay oven, fired to a high heat by wood or charcoalTandoor
29%
A cocktail consisting of vermouth, whiskey, and sometimes a dash of bittersManhattan
25%
Belonging to or typical of a large busy cityMetropolitan
25%
Country with capital BishkekKyrgyzstan
21%
The thin jointed stems of a palm, used to make furniture.Rattan
21%
A purple or violet gemstone variety of the mineral zoisiteTanzanite
21%
A variant of the robe or tunic, of Asiatic originKaftan
13%
An arrangement in which a team of machines, animals or people are lined up one behind anotherTandem
13%

Score Distribution

Percentile by Number Answered

Percent of People with Each Score

Your Score History

You have not taken this quiz